GOT HP Match Quiz Stats

 Plays Quiz not verified by Sporcle

Score 0/10 Timer 10:00
0 Plays Today
% Correct
Natalie Tena
92.8%
Michelle Fairley
91.4%
David Bradley
82%
Ciaran Hinds
67.9%
Julian Glover
55.1%
Freddie Stroma
46.9%
Ian Whyte
38.2%
Ralph Ineson
33.5%
Bronson Webb
28.8%
Edward Tudor-Pole
21.9%

You're not logged in!

Compare scores with friends on all Sporcle quizzes.
Join for Free
OR
Log In

You Might Also Like...

Show Comments

Extras

Top Quizzes Today


Score Distribution

Your Account Isn't Verified!

In order to create a playlist on Sporcle, you need to verify the email address you used during registration. Go to your Sporcle Settings to finish the process.

Report this User

Report this user for behavior that violates our Community Guidelines.

Details: